| 000 | 02055cam a22004452 4500 | ||
|---|---|---|---|
| 001 | 0000020868 | ||
| 005 | 20151217154446.0 | ||
| 008 | 111025s xx 000 0 eng d | ||
| 020 | _a9966744843 | ||
| 040 |
_aKABU _cKABU |
||
| 100 | 1 |
_aSsekaana Musa. _@0000181502 |
|
| 245 | 1 | 0 |
_aCriminal procedure and practice in Uganda / _cSsekaana Musa. |
| 250 | _aNew ed. | ||
| 260 |
_aNairobi : _bLawAfrica, _c2010. |
||
| 300 | _axlvii, 446 p. | ||
| 650 | 0 |
_aCriminal procedure _zUganda. _@0000181467 |
|
| 852 | 1 | _9p2600 KES | |
| 852 | 1 | _9p2600 KES | |
| 852 | 1 | _9p2600 KES | |
| 852 | 1 | _9p2600 KES | |
| 852 | 1 | _9p2600 KES | |
| 852 | 1 | _9p2600 KES | |
| 852 | 1 | _9p2600 KES | |
| 852 | 1 | _9p2600 KES | |
| 852 | 1 | _9p2600 KES | |
| 852 | 1 | _9p2600 KES | |
| 852 | 1 | _9p2600 KES | |
| 852 | 1 | _9p2600 KES | |
| 852 | 1 | _9p2600 KES | |
| 852 | 1 | _9p2600 KES | |
| 852 | 1 | _9p2600 KES | |
| 852 | 1 | _9p2600 KES | |
| 852 | 1 | _9p2600 KES | |
| 852 | 1 | _9p2600 KES | |
| 852 | 1 | _9p2600 KES | |
| 852 | 1 | _9p2600 KES | |
| 852 | 1 | _9p2600 KES | |
| 908 | _a111025 | ||
| 950 | _@1 | ||
| 999 |
_c11398 _d11398 |
||